Die 500 größten Städte der Welt - mit Ausnahmen - Statistiken

Allgemein
  • Dieses Quiz wurde 146 mal gespielt
  • Das Durchschnittsergebnis liegt bei 187 aus 500
Antwortstatistiken
Rang Land Antwort Einwohner (2024) % Korrekt
1 Japan Tokio 37.115.000
96%
6 Ägypten Kairo 22.623.000
93%
7 Mexiko Mexiko Stadt 22.505.000
92%
30 Frankreich Paris 11.276.000
92%
8 China Peking 22.189.000
92%
36 Vereinigtes Königreich London 9.748.000
90%
52 Spanien Madrid 6.783.000
90%
23 Brasilien Rio De Janeiro 13.824.000
90%
33 Südkorea Seoul 10.001.000
90%
59 Spanien Barcelona 5.711.000
89%
384 Venezuela Barcelona Puerto La Cruz 835.000
89%
102 Deutschland Berlin 3.576.000
89%
15 Türkei Istanbul 16.047.000
89%
25 Russland Moskau 12.712.000
89%
197 Deutschland Hamburg 1.787.000
88%
82 Italien Rom 4.331.000
88%
3 China Shanghai 29.867.000
88%
16 Argentinien Buenos Aires 15.618.000
87%
47 USA New York City 7.931.000
87%
118 Griechenland Athen 3.154.000
86%
126 Portugal Lissabon 3.014.000
86%
439 Argentinien Mar Del Plata 672.000
86%
226 Deutschland München 1.585.000
86%
63 Russland St. Petersburg 5.581.000
86%
72 Australien Sydney 5.184.000
85%
31 Thailand Bangkok 11.233.000
84%
116 Italien Mailand 3.160.000
84%
9 Indien Mumbai 21.673.000
84%
57 Singapur Singapur 6.119.000
84%
68 Türkei Ankara 5.477.000
83%
27 Kolumbien Bogota 11.658.000
83%
2 Indien Delhi 33.807.000
83%
216 Frankreich Marseille 1.635.000
83%
196 Polen Warschau 1.800.000
83%
179 Österreich Wien 1.990.000
83%
169 Belgien Brüssel 2.132.000
82%
28 Indonesien Jakarta 11.436.000
82%
200 Frankreich Lyon 1.774.000
82%
205 Schweden Stockholm 1.719.000
82%
38 Iran Teheran 9.616.000
82%
125 Ukraine Kiew 3.022.000
81%
10 Japan Osaka 18.967.000
81%
5 Brasilien São Paulo 22.806.000
81%
302 Deutschland Köln 1.149.000
80%
29 Peru Lima 11.361.000
80%
99 USA Los Angeles 3.748.000
80%
134 Vereinigtes Königreich Manchester 2.811.000
80%
317 Norwegen Oslo 1.101.000
80%
128 Algerien Algier 2.952.000
79%
48 Irak Bagdad 7.921.000
79%
75 Brasilien Brasília 4.935.000
79%
199 Ungarn Budapest 1.780.000
79%
253 Dänemark Kopenhagen 1.391.000
79%
49 Saudi-Arabien Riad 7.820.000
79%
438 Dominikanische Republik Santiago 672.000
79%
51 Chile Santiago de Chile 6.950.000
79%
498 Kuba Santiago de Cuba 556.000
79%
4 Bangladesch Dhaka 23.935.000
78%
265 Finnland Helsinki 1.346.000
78%
55 Südafrika Johannesburg 6.324.000
78%
73 Südafrika Kapstadt 4.977.000
78%
18 Philippinen Manila 14.941.000
78%
296 Niederlande Amsterdam 1.182.000
77%
250 Serbien Belgrad 1.410.000
77%
398 Deutschland Frankfurt 800.000
77%
268 Tschechien Prag 1.327.000
77%
245 Schweiz Zürich 1.443.000
77%
140 Vereinigtes Königreich Birmingham 2.684.000
76%
123 Vereinigte Arabische Emirate Dubai 3.051.000
76%
280 Irland Dublin 1.284.000
76%
349 Palästina Jerusalem 983.000
76%
267 Portugal Porto 1.329.000
76%
86 Brasilien Porto Alegre 4.239.000
76%
459 Deutschland Stuttgart 633.000
76%
54 Kanada Toronto 6.431,000
76%
201 Rumänien Bukarest 1.767.000
75%
456 Deutschland Düsseldorf 635.000
75%
69 Vietnam Hanoi 5.431.000
75%
76 Afghanistan Kabul 4.728.000
74%
13 DR Kongo Kinshasa 17.033.000
74%
14 Nigeria Lagos 16.536.000
74%
365 Vereinigtes Königreich Liverpool 923.000
74%
171 Belarus Minsk 2.064.000
74%
64 Kenia Nairobi 5.541.000
74%
225 Vereinigte Arabische Emirate Abu Dhabi 1.593.000
73%
198 Uruguay Montevideo 1.781.000
73%
279 Bulgarien Sophia 1.287.000
73%
79 Israel Tel Aviv 4.495.000
73%
44 Malaysia Kuala Lumpur 8.815.000
72%
70 Australien Melbourne 5.315.000
72%
244 Kanada Ottawa 1.451.000
72%
180 Marokko Rabat 1.989.000
72%
78 Taiwan Taipeh 4.535.000
72%
150 Aserbaidschan Baku 2.464.000
71%
127 Venezuela Caracas 2.991.000
71%
145 USA Chicago 2.590.000
71%
104 Senegal Dakar 3.540.000
71%
139 Syrien Damaskus 2.685.000
71%
167 Kuba Havanna 2.153.000
71%
283 Pakistan Islamabad 1.266.000
71%
111 Kuwait Kuwait 3.353.000
71%
195 Italien Turin 1.805.000
71%
141 Kanada Vancouver 2.682.000
71%
482 Deutschland Dortmund 590.000
70%
206 Vereinigtes Königreich Glasgow 1.708.000
70%
168 Australien Perth 2.143.000
70%
332 Niederlande Rotterdam 1.022.000
70%
43 China Wuhan 8.850.000
70%
19 China Guangzhou 14.590.000
69%
173 Panama Panama Stadt 2.016.000
69%
115 Nordkorea Pjongjang 3.183.000
69%
62 Ägypten Alexandria 5.696.000
68%
153 Libanon Beirut 2.402.000
68%
94 Marokko Casablanca 3.950.000
68%
37 Angola Luanda 9.651.000
68%
181 Ecuador Quito 1.986.000
68%
476 Deutschland Leipzig 596.000
67%
137 Ghana Accra 2.721.000
66%
61 Äthiopien Addis Abeba 5.703.000
66%
277 USA Dallas 1.295.000
66%
162 Jordanien Amman 2.252.000
65%
117 Guatemala Guatemala Stadt 3.159.000
65%
159 USA Houston 2.305.000
65%
17 Indien Kalkutta 15.570.000
65%
81 Kanada Montreal 4.341.000
65%
177 Venezuela Valencia 2.007.000
65%
382 Spanien Valencia 840.000
65%
435 Kroatien Zagreb 684.000
65%
327 Belgien Antwerpen 1.062.000
64%
269 Kasachstan Astana 1.324.000
64%
339 Frankreich Bordeaux 1.010.000
64%
425 Spanien Sevilla 702.000
64%
406 Polen Krakau 769.000
63%
144 Usbekistan Taschkent 2.634.000
63%
261 Türkei Antalya 1.372.000
62%
446 Katar Doha 646.000
61%
132 Südafrika Pretoria 2.889.000
61%
462 Lettland Riga 628.000
61%
241 Costa Rica San Jose 1.482.000
61%
103 Paraguay Asuncion 3.568.000
60%
210 Neuseeland Auckland 1.692.000
60%
378 Italien Palermo 850.000
60%
232 USA Philadelphia 1.533.000
60%
120 Türkei Izmir 3.120.000
59%
183 Bolivien La Paz 1.966.000
59%
359 Frankreich Nizza 952.000
59%
474 Nordmazedonien Skopje 601.000
59%
136 Republik Kongo Brazzaville 2.724.000
58%
488 Deutschland Essen 582.000
58%
422 Italien Florenz 709.000
58%
39 Vietnam Ho Chi Minh Stadt 9.567.000
58%
77 Kamerun Jaunde 4.681.000
58%
122 Haiti Port-au-Prince 3.060.000
58%
56 Brasilien Belo Horizonte 6.300.000
57%
218 Nepal Kathmandu 1.621.000
57%
341 Ukraine Odessa 1.007.000
57%
208 Mongolei Ulaanbaatar 1.700.000
57%
499 Kosovo Pristina 550.000
56%
259 USA San Diego 1.375.000
56%
293 Libyen Tripoli 1.192.000
56%
88 Kolumbien Medellin 4.137.000
55%
101 Dominikanische Republik Santo Domingo 3.587.000
55%
323 Georgien Tiflis 1.084.000
55%
90 Madagaskar Antananarivo 4.048.000
54%
452 Italien Venedig 638.000
54%
91 Nigeria Abuja 4.025.000
53%
467 Schweiz Genf 620.000
53%
437 Italien Genua 677.000
53%
478 Jamaika Kingston 592.000
53%
41 China Xi‘an 9.013.000
53%
424 Niederlande Den Haag 704.000
52%
66 Mexiko Guadalajara 5.500.000
52%
319 Armenien Jerewan 1.097.000
52%
326 Marokko Marrakesch 1.067.000
52%
156 Kambodscha Phnom Penh 2.352.000
52%
324 Frankreich Toulouse 1.071.000
52%
256 Australien Adelaide 1.379.000
51%
321 Frankreich Lille 1.085.000
51%
112 Sambia Lusaka 3.324.000
51%
392 Griechenland Thessaloniki 815.000
51%
306 Kirgisistan Bischkek 1.127.000
50%
249 Ukraine Charkiw 1.418.000
50%
469 Schweden Göteborg 618.000
50%
32 Indien Hyderabad 11.068.000
50%
176 Pakistan Hyderabad 2.011.000
50%
212 USA Phoenix 1.677.000
50%
143 Japan Sapporo 2.660.000
50%
26 Indien Chennai 12.053.000
49%
89 Uganda Kampala 4.050.000
49%
21 Pakistan Lahore 14.407.000
49%
110 Burkina Faso Ouagadougou 3.358.000
49%
108 Jemen Sana‘a 3.407.000
49%
124 Mali Bamako 3.050.000
48%
390 Italien Bologna 817.000
48%
105 Südkorea Busan 3.477.000
48%
46 Tansania Daressalam 8.161.000
47%
264 Sierra Leone Freetown 1.347.000
47%
12 Pakistan Karachi 17.648.000
47%
213 Oman Maskat 1.676.000
47%
164 Saudi-Arabien Mekka 2.184.000
47%
24 China Shenzhen 13.313.000
47%
113 Südafrika Durban 3.263.000
46%
222 Simbabwe Harare 1.603.000
46%
480 Spanien Malaga 591.000
46%
40 Japan Nagoya 9.556.000
46%
220 Honduras Tegucigalpa 1.609.000
46%
158 Syrien Aleppo 2.317.000
45%
71 Mexiko Monterrey 5.195.000
45%
450 Polen Breslau 642.000
44%
294 Israel Haifa 1.187.000
44%
172 Japan Hiroshima 2.062.000
44%
292 Mosambik Maputo 1.193.000
44%
286 Russland Nischni Nowgorod 1.250.000
44%
58 Elfenbeinküste Abidjan 5.866.000
43%
309 Jemen Aden 1.116.000
43%
495 Jemen Aden 551.000
43%
307 San Salvador El Salvador 1.123.000
43%
440 Polen Lodz 671.000
43%
204 Liberia Monrovia 1.735.000
43%
433 Frankreich Nantes 685.000
43%
20 China Tianjin 14.470.000
43%
42 Indien Ahmedabad 8.854.000
42%
465 Vereinigte Arabische Emirate Al-Ain 623.000
42%
174 Kasachstan Almaty 2.015.000
42%
214 Kanada Calgary 1.665.000
42%
35 China Chengdu 9.828.000
42%
217 Argentinien Cordoba 1.626.000
42%
487 Dschibuti Dschibuti 584.000
42%
336 Tadschikistan Duschanbe 1.013.000
42%
228 Kanada Edmonton 1.567.000
42%
266 Malawi Lilongwe 1.333.000
42%
313 Nicaragua Managua 1.107.000
42%
413 Vereinigtes Königreich Sheffield 751.000
42%
22 Indien Bengaluru 14.000.000
41%
85 Brasilien Fortaleza 4.346.000
41%
60 Myanmar Rangun 5.709.000
41%
219 Argentinien Rosario 1.613.000
41%
166 Guinea Conakry 2.178.000
40%
278 Ruanda Kigali 1.288.000
40%
385 Vereinigtes Königreich Newcastle 829.000
40%
131 Kolumbien Cali 2.890.000
39%
11 China Chongqing 17.773.000
39%
233 Russland Jekaterinburg 1.533.000
39%
276 Russland Kasan 1.297.000
39%
418 Ukraine Lwiw 722.000
39%
366 Turkmenistan Aschgabat 922.000
38%
312 Eritrea Asmara 1.112.000
38%
431 Vereinigtes Königreich Bristol 694.000
38%
372 Gabun Libreville 884.000
38%
215 Tschad N‘Djamena 1.655.000
38%
160 Mexiko Tijuana 2.297.000
38%
466 Guinea Bissau Bissau 621.000
37%
84 Brasilien Recife 4.305.000
37%
468 Sri Lanka Colombo 619.000
36%
53 Sudan Khartoum 6.542.000
36%
444 Bahrain Manama 664.000
36%
34 China Nanjing 9.947.000
36%
235 USA San Antonio 1.506.000
35%
271 Marokko Fes 1.313.000
34%
397 Palästina Gaza 801.000
34%
135 Somalia Mogadishu 2.726.000
34%
50 Indien Pune 7.345.000
34%
428 Bosnien und Herzegowina Sarajewo 696.000
34%
138 Indonesien Bandung 2.714.000
33%
363 Ukraine Dnipro 937.000
33%
237 Niger Niamey 1.496.000
33%
231 Mauretanien Nouakchott 1.552.000
33%
301 Russland Samara 1.154.000
33%
170 Türkei Bursa 2.115.000
32%
65 Bangladesch Chittagong 5.513.000
32%
83 Indien Jaipur 4.308.000
32%
224 Saudi-Arabien Medina 1.599.000
32%
238 Kenia Mombasa 1.495.000
32%
121 Indonesien Surabaya 3.088.000
32%
188 Türkei Adana 1.856.000
31%
393 Vereinigtes Königreich Nottingham 813.000
31%
93 Brasilien Salvador 3.994.000
31%
493 Polen Posen 571.000
30%
430 Laos Vientiane 694.000
30%
74 Saudi-Arabien Jeddah 4.943.000
29%
415 Spanien Saragossa 734.000
29%
67 Japan Fukuoka 5.478.000
28%
80 Nigeria Kano 4.490.000
28%
272 Südafrika Port Elizabeth 1.312.000
28%
45 Indien Surat 8.330.000
28%
347 ZAR Bangui 986.000
27%
192 Türkei Gaziantep 1.833.000
27%
207 Russland Nowosibirsk 1.701.000
26%
360 Algerien Oran 951.000
26%
151 Puerto Rico San Juan 2.436.000
26%
358 Vereinigtes Königreich Southampton 959.000
26%
263 Marokko Tanger 1.348.000
26%
87 Kamerun Douala 4.203.000
25%
114 Ecuador Guayaquil 3.193.000
25%
161 Iran Isfahan 2.295.000
25%
109 Mexiko Puebla 3.394.000
25%
189 Bolivien Santa Cruz 1.855.000
25%
165 Südkorea Daegu 2.179.000
24%
92 Nigeria Ibadan 4.004.000
24%
133 Südkorea Incheon 2.861.000
24%
95 Ghana Kumasi 3.903.000
24%
185 Mexiko Leon 1.924.000
24%
182 Nigeria Benin City 1.972.000
23%
408 Myanmar Naypyidaw 758.000
23%
298 Russland Omsk 1.180.000
23%
155 Kolumbien Barranquilla 2.373.000
22%
96 Brasilien Curitiba 3.852.000
22%
148 Indonesien Medan 2.479.000
22%
445 Ägypten Suez 649.000
22%
379 Kanada Winnipeg 849.000
22%
368 Italien Bergamo 919.000
21%
157 Japan Sendai 2.341.000
21%
281 Burundi Bujumbura 1.277.000
20%
345 USA Jacksonville 991.000
20%
100 Nigeria Port Harcourt 3.636.000
20%
426 Benin Cotonou 699.000
19%
373 Ukraine Donetsk 882.000
19%
130 DR Kongo Lubumbashi 2.933.000
19%
239 Irak Basra 1.485.000
18%
178 Philippinen Davao 1.991.000
18%
98 Pakistan Faisalabad 3.800.000
18%
154 Venezuela Maracaibo 2.400.000
18%
107 Iran Maschhad 3.415.000
18%
489 Frankreich Toulon 581.000
18%
344 Marokko Agadir 998.000
17%
248 Türkei Konya 1.429.000
17%
436 Belgien Liege 680.000
17%
191 Irak Mossul 1.847.000
17%
329 Philippinen Cebu 1.043.000
16%
202 Iran Schiraz 1.742.000
16%
369 Irak Erbil 918.000
15%
287 Russland Tscheljabinsk 1.243.000
15%
262 Saudi-Arabien Dammam 1.352.000
14%
236 Syrien Homs 1.500.000
14%
142 Mexiko Toluca 2.674.000
14%
334 Chile Valparaiso 1.017.000
14%
147 Pakistan Peschawar 2.480.000
13%
106 Brasilien Campinas 3.458.000
12%
285 Vietnam Da Nang 1,253.000
12%
421 Australien Gold Coast 711.000
12%
432 Italien Padua 688.000
12%
152 Pakistan Rawalpindi 2.430.000
12%
376 Libyen Benghazi 871.000
11%
163 Pakistan Multan 2.205.000
11%
211 Iran Täbris 1.678.000
11%
221 Mexiko Ciudad Juarez 1.604.000
10%
288 Argentinien Mendoza 1.242.000
10%
190 Indonesien Palembang 1.852.000
10%
331 Syrien Hama 1.035.000
9%
229 Myanmar Mandalay 1.563.000
9%
175 Indonesien Semarang 2.013.000
9%
354 Peru Arequipa 971.000
8%
97 Indonesien Bekasi 3.830.000
8%
320 Kolumbien Cartagena 1.096.000
8%
290 Thailand Chiang Mai 1.228.000
8%
119 Indonesien Depok 3.133.000
8%
443 Philippinen General Santos City 665.000
8%
234 Südkorea Gwangju 1.533.000
8%
403 Kanada Hamilton 787.000
8%
240 DR Kongo Kisangani 1.483.000
8%
260 Iran Qom 1.373.000
8%
291 Pakistan Quetta 1.221.000
8%
454 Tunesien Sfax 637.000
8%
374 Taiwan Tainan 875.000
8%
146 Indonesien Tangerang 2.570.000
8%
455 Afghanistan Herat 636.000
7%
300 Russland Krasnojarsk 1.173.000
7%
417 Japan Okayama 724.000
7%
479 Usbekistan Samarkand 591.000
7%
251 Kolumbien Bucaramanga 1.396.000
6%
492 Kolumbien Bucaramanga 572.000
6%
227 Südkorea Daejon 1.581.000
6%
149 Pakistan Gujranwala 2.479.000
6%
243 Vietnam Hai Phong 1.463.000
6%
284 Venezuela Maracay 1.257.000
6%
500 Marokko Meknes 545.000
6%
322 Türkei Mersin 1.084.000
6%
399 Japan Niigata 796.000
6%
340 Honduras San Pedro Sula 1.008.000
6%
416 Ukraine Saporischschja 732.000
6%
129 Japan Shizuoka 2.935.000
6%
289 Nigeria Aba 1.230.000
5%
273 Iran Ahvaz 1.309.000
5%
449 Israel Be‘er Sheva 644.000
5%
381 Angola Benguela 843.000
5%
325 Malawi Blantyre 1.070.000
5%
311 Türkei Diyarbakir 1.113.000
5%
223 Iran Karadsch 1.603.000
5%
255 Republik Kongo Pointe Noire 1.379.000
5%
297 Kasachstan Schymkent 1.181.000
5%
282 Venezuela Barquisimeto 1.267.000
4%
194 Indonesien Batam 1.806.000
4%
486 Mosambik Beira 585.000
4%
361 Angola Cabinda 948.000
4%
247 Bolivien Cochabamba 1.430.000
4%
203 DR Kongo Kananga 1.738.000
4%
318 Irak Kirkuk 1.100.000
4%
209 Nigeria Onitsha 1.694.000
4%
252 Nigeria Oyo 1.393.000
4%
246 Mexiko Queretaro 1.436.000
4%
404 DR Kongo Goma 782.000
3%
494 Nordkorea Hamhung 559.000
3%
299 Somalia Hargeysa 1.176.000
3%
314 Malaysia Johor Bahru 1.107.000
3%
472 Ukraine Kryvyi Rih 614.000
3%
441 Syrien Latakia 669.000
3%
335 Thailand Nonthaburi 1.014.000
3%
330 Argentinien San Miguel De Tucuman 1.039.000
3%
351 Philippinen Zamboanga City 977.000
3%
355 Philippinen Antipolo 968.000
2%
391 Katar Ar-Rayyan 816.000
2%
497 Ägypten Asyut 562.000
2%
304 Vietnam Bien Hoa 1.143.000
2%
295 Burkina Faso Bobo Dioulasso 1.185.000
2%
451 Simbabwe Bulawayo 640.000
2%
184 Vietnam Can Tho 1.938.000
2%
367 Chile Concepcion 921.000
2%
353 Kolumbien Cucuta 972.000
2%
375 Malayia Ipoh 872.000
2%
315 Iran Kermanschah 1.102.000
2%
364 Argentinien La Plata 924.000
2%
485 DR Kongo Likasi 586.000
2%
186 Mosambik Matola 1.915.000
2%
258 Tansania Mwanza 1.378.000
2%
346 Irak Nadschaf 988.000
2%
337 Mosambik Nampula 1.012.000
2%
491 Kolumbien Pereira 580.000
2%
427 Argentinien Salta 697.000
2%
187 Vereinigte Arabische Emirate Shardscha 1.872.000
2%
352 Jemen Taiz 975.000
2%
270 Benin Abomey-Calavi 1.315.000
1%
461 Saudi-Arabien Al-Dschubail 631.000
1%
411 Irak Amara 754.000
1%
463 Philippinen Bacolod 625.000
1%
419 Südafrika Buffalo City Metropolitan Municipality 717.000
1%
274 DR Kongo Bukavu 1.308.000
1%
377 DR kongo Bunia 856.000
1%
434 Saudi-Arabien Buraida 684.000
1%
483 Venezuela Cabimas 588.000
1%
389 Philippinen Cagayan De Oro 820.000
1%
242 Thailand Chon Buri 1.472.000
1%
350 Venezuela Ciudad Guayana 978.000
1%
388 Philippinen Dasmarinas 821.000
1%
371 Saudi-Arabien Hofuf 885.000
1%
414 Angola Huambo 751.000
1%
481 Kolumbien Ibagué 591.000
1%
356 Bangladesch Khulna 965.000
1%
496 Malaysia Kuching 570.000
1%
193 Mexiko La Laguna 1.826.000
1%
342 Angola Lubango 1.003.000
1%
387 Angola Malanje 822.000
1%
423 Angola Malanje 704.000
1%
338 Libyen Misrata 1.011.000
1%
394 Thailand Nakhon Ratchasima 811.000
1%
442 Saudi-Arabien Tabuk 667.000
1%
429 Saudi-Arabien Taif 695.000
1%
475 Ägypten Tanta 598.000
1%
370 Peru Trujillo 917.000
1%
305 DR Kongo Tshikapa 1.131.000
1%
383 Tansania Zanzibar 836.000
1%
412 Jordanien Zarqa 753.000
1%
453 Kuwait Al-Ahmadi 637.000
0%
407 Jemen Al-Hudaydah 759.000
0%
471 Ägypten Al-Mahallah Al-Kubra 614.000
0%
460 Ägypten Al-Mansurah 632.000
0%
420 Ägypten As-Suways 716.000
0%
410 Philippinen Bacoor 757.000
0%
362 Bangladesch Bogra 945.000
0%
490 Elfenbeinküste Bouake 581.000
0%
401 Ägypten Bur Said 793.000
0%
328 Südkorea Changwon 1.055.000
0%
448 Peru Chiclayo 645.000
0%
447 Nordkorea Ch’ongjin 645.000
0%
473 Bangladesch Comilla 609.000
0%
230 Taiwan Gaoxiong 1.559.000
0%
310 Südkorea Goyang 1.114.000
0%
470 Syrien Hillah 615.000
0%
395 Jemen Ibb 810.000
0%
402 Sambia Kitwe 792.000
0%
405 Venezuela Maturin 775.000
0%
477 Tansania Mbeya 593.000
0%
400 Somalia Merca 794.000
0%
457 Irak Nasiriyah 634.000
0%
275 Nigeria Nnewi 1.300.000
0%
316 Sudan Nyala 1.101.000
0%
357 Thailand Pathum Thani 962.000
0%
348 Bangladesch Rajshahi 984.000
0%
484 Thailand Samut Sakhon 586.000
0%
308 Ghana Sekondi-Takoradi 1.120.000
0%
333 Thailand Songkhla 1.018.000
0%
386 Irak Sulaimaniya 823.000
0%
257 Südkorea Suweon 1.378.000
0%
343 Bangladesch Sylhet 1.000.000
0%
254 Taiwan Taizhong 1.381.000
0%
409 Ghana Tamale 758.000
0%
458 Algerien Tebessa 634.000
0%
380 Iran Urumieh 848.000
0%
464 DR kongo Uvira 623.000
0%
396 Südafrika Vereeniging 803.000
0%
303 Südkorea Yongin 1.147.000
0%
Keine übereinstimmenden Quizze gefunden
Verteilung der Resultate
Anzahl Personen mit jedem Resultat
Perzentil nach korrekt beantworteten Fragen
Ihre Resultats-Entwicklung
Sie haben dieses Quiz noch nicht gespielt